[Event "Benidorm Bali op-A"]
[Site "Benidorm"]
[Date "2023.12.07"]
[Round "8"]
[White "Moskalenko, Viktor"]
[Black "Ereza Vizcarra, Fernando"]
[Result "1/2-1/2"]
[WhiteElo "2427"]
[BlackElo "2116"]
[PlyCount "107"]
[EventDate "2023.12.01"]
[EventType "swiss"]
[EventRounds "9"]
[EventCountry "ESP"]
[SourceTitle "CB50_2023"]
[SourceDate "2023.12.13"]
[SourceVersion "1"]
[SourceVersionDate "2023.12.13"]
[SourceQuality "1"]

1. d4 d6 2. Nf3 Nd7 3. c4 e5 4. Nc3 g6 5. e4 Bg7 6. g3 Ne7 7. Bg2 0-0 8. 0-0 exd4 9. Nxd4 Ne5 10. b3 N7c6 11. Nxc6 Nxc6 12. Bb2 Nd4 13. Rb1 Bd7 14. Nd5 c5 15. Ne3 Bc6 16. Nc2 Nxc2 17. Bxg7 Ne3 18. Qd3 Kxg7 19. Qxe3 Qf6 20. Rbd1 Rad8 21. Rd3 Rfe8 22. f3 d5 23. Qxc5 dxe4 24. Rxd8 Rxd8 25. fxe4 Qd4+ 26. Qxd4+ Rxd4 27. e5 Bxg2 28. Kxg2 Re4 29. Rd1 Rxe5 30. Kf3 Re7 31. Rd6 f5 32. h4 Kf7 33. c5 Re6 34. Rd7+ Re7 35. Rd4 Kf6 36. b4 h6 37. Rd6+ Re6 38. Rd7 Re7 39. Rd8 g5 40. Rf8+ Kg6 41. Ra8 g4+ 42. Kf2 a6 43. c6 Kf7 44. cxb7 Rxb7 45. a3 Rb6 46. Ke3 Rc6 47. Kf4 Ke6 48. Re8+ Kf7 49. Re5 Kg6 50. Rc5 Rd6 51. h5+ Kxh5 52. Kxf5 a5 53. bxa5 Rd5+ 54. Rxd5 1/2-1/2

[Event "Benidorm Bali op-A"]
[Site "Benidorm"]
[Date "2023.12.04"]
[Round "4"]
[White "Ereza Vizcarra, Fernando"]
[Black "Ingunza Curro, Andres"]
[Result "1-0"]
[WhiteElo "2116"]
[BlackElo "2328"]
[PlyCount "69"]
[EventDate "2023.12.01"]
[EventType "swiss"]
[EventRounds "9"]
[EventCountry "ESP"]
[SourceTitle "CB50_2023"]
[SourceDate "2023.12.13"]
[SourceVersion "1"]
[SourceVersionDate "2023.12.13"]
[SourceQuality "1"]

1. d4 Nf6 2. Nf3 b6 3. g3 Bb7 4. Bg2 g6 5. c4 Bg7 6. 0-0 0-0 7. Nc3 Ne4 8. Bd2 e6 9. Qc2 Nxd2 10. Qxd2 d6 11. d5 e5 12. e4 a5 13. Ne1 f5 14. exf5 gxf5 15. f4 Nd7 16. Nf3 Nc5 17. fxe5 dxe5 18. Rae1 Qe7 19. Nd4 Qd7 20. Nf3 e4 21. Nh4 Nd3 22. Re2 Ne5 23. Qg5 h6 24. Qh5 Rf6 25. Rxf5 Nxc4 26. Bxe4 Qd6 27. Rxf6 Qxf6 28. Rf2 Qg5 29. Qf7+ Kh8 30. Ng6+ Kh7 31. Nf4+ Kh8 32. Qxc7 Ba6 33. Ng6+ Kh7 34. Ne5+ Kh8 35. Nf7+ 1-0

[Event "Pontevedra op-A 10th"]
[Site "Pontevedra"]
[Date "2022.07.28"]
[Round "7"]
[White "Victor, Julian"]
[Black "Ereza Vizcarra, Fernando"]
[Result "1/2-1/2"]
[WhiteElo "1944"]
[BlackElo "2131"]
[PlyCount "186"]
[EventDate "2022.07.24"]
[EventType "swiss"]
[EventRounds "9"]
[EventCountry "ESP"]
[SourceTitle "EXT 2023"]
[Source "ChessBase"]
[SourceDate "2022.10.05"]
[SourceVersion "1"]
[SourceVersionDate "2022.10.05"]
[SourceQuality "1"]

1. d4 d6 2. e4 Nf6 3. Nc3 e5 4. Nf3 Nbd7 5. Bc4 Be7 6. 0-0 0-0 7. Qe2 exd4 8. Nxd4 Ne5 9. Bb3 c5 10. Nf5 Bxf5 11. exf5 Qd7 12. Nd5 Rfe8 13. Ne3 Bf8 14. Rd1 b5 15. Bd5 Nxd5 16. Rxd5 Qb7 17. h3 Nc4 18. Qd3 Nb6 19. Rxd6 Bxd6 20. Qxd6 Qe7 21. Qc6 Qd7 22. Qxc5 Rac8 23. Qb4 Nc4 24. a4 Nxe3 25. Bxe3 bxa4 26. Qxa4 Qxf5 27. c3 h5 28. Qf4 Qxf4 29. Bxf4 Re7 30. Be3 Rcc7 31. Ra5 g6 32. Bd4 Red7 33. Ra6 Kf8 34. h4 Ke7 35. g3 Kd8 36. Kf1 Kc8 37. Kg2 Re7 38. Kf3 Kb8 39. Kg2 Ka8 40. Kf3 Re1 41. Kf4 Rce7 42. Kf3 R1e6 43. Ra5 a6 44. b4 Rb7 45. Kg2 Rb5 46. Ra2 Kb7 47. Kf1 Re4 48. Ra4 Rd5 49. Kg2 Rd6 50. Kf3 f5 51. Ra5 Rc6 52. Ra1 Rc4 53. Ra4 Rc8 54. Ra5 Rc6 55. Ra1 Kc7 56. Ra2 Re1 57. Ra3 Kd6 58. Ra5 Rb1 59. Kg2 Ke6 60. Re5+ Kf7 61. Ra5 Re6 62. Ra2 Rc6 63. Ra5 Ke6 64. Re5+ Kd7 65. Rd5+ Rd6 66. Ra5 Kc8 67. Ra3 Kb7 68. Ra4 Rd5 69. Kf3 Re1 70. Kf4 Re4+ 71. Kf3 Re6 72. Ra1 Kc8 73. Ra3 Kd7 74. Ra1 Rb5 75. Ra2 Rc6 76. Re2 Kd6 77. Bg7 Rc4 78. Bh8 Rd5 79. Ra2 Rc6 80. Bd4 Rb5 81. Bg7 Kd5 82. Kf4 Rb7 83. Bh8 Rc4+ 84. Kf3 Rb6 85. Ra5+ Ke6 86. Bd4 Rbc6 87. Re5+ Kf7 88. Ra5 Re6 89. Ra1 Kg8 90. Ra5 Kh7 91. Rd5 Rc7 92. Rd8 Kh6 93. Bc5 Rec6 1/2-1/2

[Event "Pontevedra op-A 10th"]
[Site "Pontevedra"]
[Date "2022.07.27"]
[Round "6"]
[White "Ereza Vizcarra, Fernando"]
[Black "Gonzalez Carro, Victor"]
[Result "0-1"]
[WhiteElo "2131"]
[BlackElo "1808"]
[PlyCount "126"]
[EventDate "2022.07.24"]
[EventType "swiss"]
[EventRounds "9"]
[EventCountry "ESP"]
[SourceTitle "EXT 2023"]
[Source "ChessBase"]
[SourceDate "2022.10.05"]
[SourceVersion "1"]
[SourceVersionDate "2022.10.05"]
[SourceQuality "1"]

1. d4 Nf6 2. Nf3 e6 3. g3 b6 4. Bg2 Bb7 5. 0-0 Be7 6. c4 0-0 7. Nc3 Ne4 8. Bd2 d6 9. Qc2 Nxd2 10. Qxd2 Nd7 11. Qc2 f5 12. Ng5 Bxg5 13. Bxb7 Rb8 14. Bc6 a5 15. Rad1 Qe7 16. f4 Bh6 17. e4 fxe4 18. Bxe4 g6 19. Rfe1 Qf7 20. Bg2 Kh8 21. Bh3 Rfe8 22. Qe4 Nf8 23. Qc6 Bg7 24. Nb5 Re7 25. b3 Bf6 26. Qf3 Qg7 27. Qd3 Rbe8 28. Na7 Qh6 29. Bg2 g5 30. fxg5 Qxg5 31. Nc6 Rg7 32. Qe3 Qg4 33. Qe4 Qg5 34. Rf1 Nd7 35. Bh3 Nf8 36. Rde1 e5 37. Qf5 Qh6 38. dxe5 dxe5 39. Qxf6 Qxh3 40. Rxe5 Ne6 41. Qf5 Rxg3+ 42. hxg3 Qxg3+ 43. Kh1 Qh4+ 44. Kg2 Rg8+ 45. Kf3 Rf8 46. Qxf8+ Nxf8 47. Rf5 Ne6 48. Ke3 Qg3+ 49. R1f3 Qe1+ 50. Kd3 Nc5+ 51. Rxc5 bxc5 52. Re3 Qf1+ 53. Kc3 Qa1+ 54. Kd3 Qxa2 55. Kc3 Qa1+ 56. Kd3 Kg7 57. Ne7 Qd1+ 58. Ke4 h5 59. Rg3+ Kf7 60. Nf5 Qb1+ 61. Ke5 Qb2+ 62. Kf4 Kf6 63. Ne3 Qf2+ 0-1

[Event "Pontevedra op-A 10th"]
[Site "Pontevedra"]
[Date "2022.07.24"]
[Round "1"]
[White "Ereza Vizcarra, Fernando"]
[Black "Reza Salgado, Marcos"]
[Result "1/2-1/2"]
[WhiteElo "2131"]
[BlackElo "1790"]
[PlyCount "57"]
[EventDate "2022.07.24"]
[EventType "swiss"]
[EventRounds "9"]
[EventCountry "ESP"]
[SourceTitle "EXT 2023"]
[Source "ChessBase"]
[SourceDate "2022.10.05"]
[SourceVersion "1"]
[SourceVersionDate "2022.10.05"]
[SourceQuality "1"]

1. d4 Nf6 2. Nf3 d6 3. c4 Nbd7 4. Nc3 e5 5. e4 Be7 6. h3 c6 7. Be3 Qc7 8. Be2 0-0 9. g4 a6 10. g5 Ne8 11. d5 f5 12. gxf6 Ndxf6 13. Qb3 c5 14. a4 b6 15. Ng5 h6 16. Ne6 Bxe6 17. dxe6 Qb7 18. Nd5 Nxe4 19. Qxb6 Ra7 20. Bd3 Ng5 21. Qxb7 Rxb7 22. 0-0-0 Nxe6 23. Be4 Ra7 24. Nxe7+ Rxe7 25. Rhg1 Nf4 26. Bxf4 Rxf4 27. f3 a5 28. Rd3 Kf8 29. b3 1/2-1/2

[Event "Aragon-chT Honor Pl 7-10"]
[Site "Aragon"]
[Date "2022.03.19"]
[Round "8.15"]
[White "Miranda Herrera, Jorge Manuel"]
[Black "Ereza Vizcarra, Fernando"]
[Result "0-1"]
[WhiteElo "2051"]
[BlackElo "2117"]
[PlyCount "116"]
[EventDate "2022.03.19"]
[EventType "team-tourn"]
[EventRounds "9"]
[EventCountry "ESP"]
[SourceTitle "EXT 2024"]
[Source "ChessBase"]
[SourceDate "2023.10.10"]
[SourceVersion "1"]
[SourceVersionDate "2023.10.10"]
[SourceQuality "1"]
[WhiteTeam "Marcos Frechin"]
[BlackTeam "Jaque Pirenauto"]
[WhiteTeamCountry "ESP"]
[BlackTeamCountry "ESP"]

1. e4 c5 2. c3 g6 3. d4 cxd4 4. cxd4 d5 5. e5 Bg7 6. Nc3 Nh6 7. Bb5+ Bd7 8. Qb3 0-0 9. Nf3 Bc6 10. 0-0 Nf5 11. g4 Nh6 12. Bxh6 Bxh6 13. Bxc6 bxc6 14. g5 Qc8 15. Ne2 Bg7 16. Kg2 Nd7 17. Ne1 Rb8 18. Qa3 Nb6 19. Qh3 Qxh3+ 20. Kxh3 f6 21. f4 fxe5 22. dxe5 Bxe5 23. Nd3 Bg7 24. Rac1 Rfc8 25. b3 Nd7 26. Rc2 e5 27. Nxe5 Nxe5 28. fxe5 Bxe5 29. Nc1 c5 30. Rd1 d4 31. Nd3 Bd6 32. Rdc1 Re8 33. Nxc5 Re3+ 34. Kg2 Rbe8 35. Rf2 R8e5 36. b4 Rxg5+ 37. Kf1 a5 38. Nb3 Bxb4 39. Nxd4 Rc5 40. Rb1 Rec3 41. Rb3 Rxb3 42. axb3 Rc3 43. Kg2 Bc5 44. Rf4 Bxd4 45. Rxd4 Rxb3 46. Rd8+ Kg7 47. Rd7+ Kh6 48. h4 a4 49. Ra7 a3 50. Kh2 Kh5 51. Ra4 Rb2+ 52. Kg3 Rb3+ 53. Kg2 h6 54. Kh2 Rb2+ 55. Kg3 Rb3+ 56. Kg2 g5 57. hxg5 hxg5 58. Kh2 g4 0-1

[Event "Aragon-chT Honor Gr II"]
[Site "Aragon"]
[Date "2022.02.12"]
[Round "3.19"]
[White "Martinez Cebolla, Alberto"]
[Black "Ereza Vizcarra, Fernando"]
[Result "1-0"]
[WhiteElo "2059"]
[BlackElo "2117"]
[PlyCount "85"]
[EventDate "2022.01.29"]
[EventType "team-tourn"]
[EventRounds "7"]
[EventCountry "ESP"]
[SourceTitle "EXT 2024"]
[Source "ChessBase"]
[SourceDate "2023.10.10"]
[SourceVersion "1"]
[SourceVersionDate "2023.10.10"]
[SourceQuality "1"]
[WhiteTeam "IberCaja"]
[BlackTeam "Jaque Pirenauto"]
[WhiteTeamCountry "ESP"]
[BlackTeamCountry "ESP"]

1. e4 d6 2. d4 Nf6 3. Nc3 e5 4. Nf3 Nbd7 5. Rg1 c6 6. g4 Qa5 7. Qe2 g6 8. g5 Nh5 9. Be3 b5 10. Qd2 Bg7 11. a3 a6 12. dxe5 dxe5 13. Qd6 Bb7 14. Bh3 0-0-0 15. Nxe5 Bxe5 16. Qxe5 Qc7 17. Qxc7+ Kxc7 18. 0-0-0 Rhe8 19. Bg4 Nf8 20. Rxd8 Rxd8 21. Rd1 Rxd1+ 22. Kxd1 Ng7 23. Ke2 Nge6 24. b4 Kd6 25. f4 Nd7 26. e5+ Ke7 27. Ne4 c5 28. Nf6 cxb4 29. axb4 Nxf6 30. gxf6+ Ke8 31. Bf3 Nd8 32. Bxb7 Nxb7 33. Kd3 Kd7 34. c4 Nd8 35. cxb5 axb5 36. Ke4 Nc6 37. Bc5 Ke6 38. h4 h6 39. Bf8 h5 40. Bd6 Kd7 41. f5 Nd8 42. fxg6 fxg6 43. Kd5 1-0

[Event "Aragon-chT Honor Titulo"]
[Site "Aragon"]
[Date "2021.05.29"]
[Round "9.7"]
[White "Hernando Garcia, Antonio"]
[Black "Ereza Vizcarra, Fernando"]
[Result "0-1"]
[WhiteElo "2097"]
[BlackElo "2103"]
[PlyCount "118"]
[EventDate "2021.05.15"]
[EventType "team-tourn"]
[EventRounds "10"]
[EventCountry "ESP"]
[SourceTitle "EXT 2024"]
[Source "ChessBase"]
[SourceDate "2023.10.10"]
[SourceVersion "1"]
[SourceVersionDate "2023.10.10"]
[SourceQuality "1"]
[WhiteTeam "El Olivar"]
[BlackTeam "Jaque Pirenauto"]
[WhiteTeamCountry "ESP"]
[BlackTeamCountry "ESP"]

1. c4 e5 2. g3 Nc6 3. Bg2 g6 4. Nc3 Bg7 5. Nf3 f5 6. d3 d6 7. 0-0 Nf6 8. Rb1 0-0 9. b4 h6 10. b5 Ne7 11. a4 Be6 12. Qb3 Rc8 13. Ba3 Qd7 14. Nd2 b6 15. a5 f4 16. axb6 axb6 17. Bb2 Kh8 18. Ra1 Bh3 19. Ra7 Bxg2 20. Kxg2 Nf5 21. Nce4 Ng4 22. Nf3 Nfe3+ 23. fxe3 Nxe3+ 24. Kf2 Nxf1 25. Kxf1 Qh3+ 26. Ke1 g5 27. Nf2 Qd7 28. g4 Ra8 29. Qa2 Rxa7 30. Qxa7 Kh7 31. Qb7 Re8 32. Qe4+ Kg8 33. Kf1 Qc8 34. h4 h5 35. gxh5 g4 36. Ng5 g3 37. Nd1 Qa8 38. Qxa8 Rxa8 39. Ne6 Kf7 40. Nxc7 Rh8 41. Kg2 Rxh5 42. e3 Rxh4 43. exf4 Rh2+ 44. Kxg3 Rd2 45. fxe5 dxe5 46. Nf2 Rxb2 47. Nd5 Bf8 48. Ng4 Ke6 49. Nxb6 Rd2 50. Kf3 Rxd3+ 51. Ne3 Rxe3+ 52. Kxe3 Bc5+ 53. Kd3 Bxb6 54. Kc3 Ba5+ 55. Kb3 Kd6 56. Ka4 Bb6 57. Kb4 e4 58. Kb3 Kc5 59. Kc3 Ba5+ 0-1

[Event "Aragon-chT Honor Gr I"]
[Site "Aragon"]
[Date "2021.03.20"]
[Round "2.11"]
[White "Romero Pallares, Daniel"]
[Black "Ereza Vizcarra, Fernando"]
[Result "1-0"]
[WhiteElo "2203"]
[BlackElo "2103"]
[PlyCount "131"]
[EventDate "2021.03.13"]
[EventType "team-tourn"]
[EventRounds "7"]
[EventCountry "ESP"]
[SourceTitle "EXT 2024"]
[Source "ChessBase"]
[SourceDate "2023.10.10"]
[SourceVersion "1"]
[SourceVersionDate "2023.10.10"]
[SourceQuality "1"]
[WhiteTeam "Palacio de Pioneros"]
[BlackTeam "Jaque Pirenauto"]
[WhiteTeamCountry "ESP"]
[BlackTeamCountry "ESP"]

1. e4 c5 2. Nf3 e6 3. g3 Nc6 4. Bg2 Nge7 5. 0-0 g6 6. d4 cxd4 7. Nxd4 Bg7 8. Be3 0-0 9. Nc3 Ne5 10. Qe2 h5 11. h3 d5 12. exd5 Nxd5 13. Nxd5 exd5 14. b3 Qa5 15. Qb5 Qxb5 16. Nxb5 Be6 17. Rac1 Nc6 18. Nc7 Rad8 19. Bc5 Rd7 20. Nxe6 fxe6 21. Bxf8 Kxf8 22. Rfe1 Kf7 23. c3 Rc7 24. c4 d4 25. Bxc6 bxc6 26. Rcd1 c5 27. Kg2 a5 28. Kf3 a4 29. Ke4 Rb7 30. Rb1 a3 31. f4 Rb8 32. Rbd1 Re8 33. Rb1 Rb8 34. Rf1 Rb7 35. Rf3 Bf6 36. g4 hxg4 37. hxg4 Rb8 38. Rh3 Bg7 39. b4 g5 40. Rxa3 gxf4 41. Ra7+ Kg6 42. b5 Rh8 43. b6 Rh2 44. b7 Re2+ 45. Kd3 Re3+ 46. Kd2 Be5 47. b8Q Bxb8 48. Rxb8 f3 49. Rg8+ Kf6 50. Rf8+ Ke5 51. Raf7 Re2+ 52. Kd3 Re3+ 53. Kc2 Rc3+ 54. Kb2 Rxc4 55. a3 d3 56. Rxf3 Rc2+ 57. Kb1 c4 58. Rf2 Rc3 59. g5 Rb3+ 60. Kc1 c3 61. Rd8 Ke4 62. Ra2 c2 63. Ra1 Rb5 64. g6 Rg5 65. Kd2 Rxg6 66. Rxd3 1-0

[Event "Aragon-chT Honor Gr-A"]
[Site "Aragon"]
[Date "2019.01.26"]
[Round "1.27"]
[White "Ereza Vizcarra, Fernando"]
[Black "Gomez Salinas, Nestor"]
[Result "1/2-1/2"]
[WhiteElo "2059"]
[BlackElo "1999"]
[PlyCount "168"]
[EventDate "2019.01.26"]
[EventType "team-tourn"]
[EventRounds "7"]
[EventCountry "ESP"]
[SourceTitle "EXT 2020"]
[Source "ChessBase"]
[SourceDate "2019.10.17"]
[SourceVersion "1"]
[SourceVersionDate "2019.10.17"]
[SourceQuality "1"]
[WhiteTeam "Jaque"]
[BlackTeam "Palacio de Pioneros II"]
[WhiteTeamCountry "ESP"]
[BlackTeamCountry "ESP"]

1. e4 c5 2. Nf3 d6 3. d4 cxd4 4. Nxd4 Nf6 5. Nc3 a6 6. h3 e5 7. Nde2 Nc6 8. g4 Be6 9. Bg2 Be7 10. Bg5 h6 11. Be3 Qa5 12. Qd2 Rd8 13. Nd5 Qxd2+ 14. Kxd2 Bxd5 15. exd5 Nb8 16. c4 Nbd7 17. b4 Nh7 18. Rhc1 Rc8 19. Ng3 g6 20. Rc2 Bg5 21. Ne4 Bxe3+ 22. fxe3 Ke7 23. c5 dxc5 24. Nxc5 b6 25. Nxa6 Rxc2+ 26. Kxc2 Rc8+ 27. Kd2 Kd6 28. e4 Ndf6 29. Rf1 Rc4 30. Kd3 Rd4+ 31. Ke3 Rc4 32. Kd3 Rd4+ 33. Kc3 Ke7 34. Nb8 Nxe4+ 35. Bxe4 Rxe4 36. Nc6+ Ke8 37. Kd3 Rf4 38. Rxf4 exf4 39. Ne5 Ke7 40. Kd4 Ng5 41. h4 f3 42. Nd3 f2 43. Nxf2 Nf3+ 44. Ke4 Nxh4 45. Nd3 Kd6 46. Ne5 f5+ 47. gxf5 gxf5+ 48. Kd4 b5 49. Nf7+ Ke7 50. Nxh6 Kd6 51. Nf7+ Ke7 52. Ng5 Kd6 53. a3 f4 54. Ne4+ Kd7 55. Kc5 Nf5 56. Nf2 Nd6 57. Nd3 Ne4+ 58. Kd4 Nd2 59. Nxf4 Kd6 60. Ne2 Nf3+ 61. Ke3 Ne5 62. Nc3 Nc4+ 63. Kd4 Nxa3 64. Ne4+ Kc7 65. Kc5 Kd7 66. Nc3 Nc4 67. Nxb5 Ne5 68. Nc3 Nd3+ 69. Kc4 Ne5+ 70. Kd4 Nf3+ 71. Kc5 Ne5 72. b5 Nd3+ 73. Kc4 Ne5+ 74. Kd4 Nf3+ 75. Kc5 Kc7 76. b6+ Kb7 77. Nb5 Ne5 78. Nd6+ Ka6 79. Kd4 Nd7 80. Nc4 Kb5 81. d6 Kc6 82. Ne5+ Kxb6 83. Kd5 Nf6+ 84. Ke6 Ne4 1/2-1/2

[Event "Aragon-chT Honor Gr II"]
[Site "Aragon"]
[Date "2018.02.03"]
[Round "2.31"]
[White "Ereza Vizcarra, Fernando"]
[Black "San Lazaro Lorente, David"]
[Result "1/2-1/2"]
[WhiteElo "2054"]
[BlackElo "1846"]
[PlyCount "71"]
[EventDate "2018.01.27"]
[EventType "team-tourn"]
[EventRounds "7"]
[EventCountry "ESP"]
[SourceTitle "EXT 2019"]
[Source "ChessBase"]
[SourceDate "2018.10.10"]
[SourceVersion "1"]
[SourceVersionDate "2018.10.10"]
[SourceQuality "1"]
[WhiteTeam "Jaque"]
[BlackTeam "Tauste"]
[WhiteTeamCountry "ESP"]
[BlackTeamCountry "ESP"]

1. d4 d5 2. Nf3 Nf6 3. Bf4 e6 4. e3 Be7 5. Bd3 Nbd7 6. Nbd2 b6 7. Ne5 Nxe5 8. Bxe5 0-0 9. Qf3 c5 10. c3 cxd4 11. exd4 Bd6 12. Qh3 h6 13. f4 Bb7 14. 0-0 Ne4 15. Bxe4 dxe4 16. Rfe1 f5 17. Nc4 Bxe5 18. Nxe5 Qd5 19. Re3 Qb5 20. Rb1 Qa4 21. Rbe1 Rad8 22. Rg3 Rf6 23. Qh5 Qxa2 24. Rg6 Rxg6 25. Qxg6 Rf8 26. c4 Bc8 27. Re2 Qa4 28. Kf2 Qd1 29. Nc6 Bd7 30. d5 exd5 31. cxd5 e3+ 32. Rxe3 Qd2+ 33. Re2 Qxf4+ 34. Ke1 Qc1+ 35. Kf2 Qf4+ 36. Kg1 1/2-1/2

[Event "Monzon Cup"]
[Site "Monzon"]
[Date "2018.01.21"]
[Round "3"]
[White "Ereza Vizcarra, Fernando"]
[Black "Maza Broto, Pablo"]
[Result "1-0"]
[WhiteElo "1924"]
[BlackElo "2060"]
[PlyCount "81"]
[EventDate "2018.01.21"]
[EventType "team-k.o."]
[EventRounds "3"]
[EventCountry "ESP"]
[SourceTitle "EXT 2019"]
[Source "ChessBase"]
[SourceDate "2018.10.10"]
[SourceVersion "1"]
[SourceVersionDate "2018.10.10"]
[SourceQuality "1"]
[WhiteTeam "Jaque"]
[BlackTeam "Jaime Casas"]
[WhiteTeamCountry "ESP"]
[BlackTeamCountry "ESP"]

1. d4 Nf6 2. Nf3 e6 3. e3 b6 4. Nbd2 Bb7 5. Bd3 c5 6. b3 cxd4 7. exd4 Qc7 8. Bb2 Nc6 9. a3 Ne7 10. 0-0 Ng6 11. Re1 Bd6 12. Nc4 Bf4 13. g3 Bd6 14. Nxd6+ Qxd6 15. c4 h5 16. d5 Ne7 17. Be5 Qc5 18. b4 Qc8 19. Rc1 Kf8 20. Ng5 Ne8 21. Be4 d6 22. dxe6 Bxe4 23. exf7 dxe5 24. fxe8Q+ Kxe8 25. Nxe4 Qe6 26. Qf3 Rd8 27. Red1 Nf5 28. Ng5 Qf6 29. Rxd8+ Kxd8 30. Qa8+ Ke7 31. Qxh8 Qxg5 32. Rd1 Nd4 33. Qa8 Qg4 34. Qxa7+ Kf8 35. Qa8+ Kf7 36. Qb7+ Kf8 37. Rd3 Ne2+ 38. Kf1 Nd4 39. Qb8+ Kf7 40. Qxe5 Qh3+ 41. Kg1 1-0

[Event "Aragon-chT Honor GrB"]
[Site "Aragon"]
[Date "2017.02.11"]
[Round "3.32"]
[White "Ereza Vizcarra, Fernando"]
[Black "Laplaza Ara, Carlos"]
[Result "1-0"]
[WhiteElo "1981"]
[BlackElo "1957"]
[PlyCount "81"]
[EventDate "2017.01.28"]
[EventType "team-tourn"]
[EventRounds "7"]
[EventCountry "ESP"]
[SourceTitle "EXT 2018"]
[Source "ChessBase"]
[SourceDate "2017.10.13"]
[SourceVersion "1"]
[SourceVersionDate "2017.10.13"]
[SourceQuality "1"]
[WhiteTeam "Jaque"]
[BlackTeam "Huesca Club Atletismo"]
[WhiteTeamCountry "ESP"]
[BlackTeamCountry "ESP"]

1. d4 d5 2. Nf3 Nf6 3. Bf4 Bf5 4. c4 c6 5. Qb3 Qb6 6. c5 Qxb3 7. axb3 Bxb1 8. Rxb1 Nbd7 9. h3 g6 10. e3 Bg7 11. b4 a6 12. Bd3 0-0 13. 0-0 Rfe8 14. Bh2 Ne4 15. Bxe4 dxe4 16. Nd2 Nf6 17. Rfd1 Rad8 18. Bg3 h6 19. Kf1 Nd5 20. Nxe4 Nxb4 21. Rbc1 f5 22. Nd2 Nd5 23. Nc4 g5 24. Be5 Bxe5 25. Nxe5 Kg7 26. Rd3 e6 27. Ke2 Nc7 28. Kd2 Nb5 29. Rd1 Kf6 30. Ke2 h5 31. Rh1 Rh8 32. f3 f4 33. h4 Rhg8 34. hxg5+ Rxg5 35. exf4 Rxg2+ 36. Kf1 Rxb2 37. Rxh5 Rxd4 38. Rxd4 Nxd4 39. Rh7 Rb1+ 40. Kg2 Rb2+ 41. Kh3 1-0

[Event "Aragon-chT Honor GrB"]
[Site "Aragon"]
[Date "2017.02.04"]
[Round "2.23"]
[White "Ereza Vizcarra, Fernando"]
[Black "Ruiz Casado, Francisco Javier"]
[Result "0-1"]
[WhiteElo "1981"]
[BlackElo "1970"]
[PlyCount "90"]
[EventDate "2017.01.28"]
[EventType "team-tourn"]
[EventRounds "7"]
[EventCountry "ESP"]
[SourceTitle "EXT 2018"]
[Source "ChessBase"]
[SourceDate "2017.10.13"]
[SourceVersion "1"]
[SourceVersionDate "2017.10.13"]
[SourceQuality "1"]
[WhiteTeam "Jaque"]
[BlackTeam "San Jose"]
[WhiteTeamCountry "ESP"]
[BlackTeamCountry "ESP"]

1. d4 Nf6 2. Nf3 e6 3. Bg5 c5 4. e3 b6 5. Nbd2 Bb7 6. Bd3 Be7 7. 0-0 d6 8. c4 Nbd7 9. e4 h6 10. Bh4 g5 11. Bg3 g4 12. Ne1 cxd4 13. f4 Rg8 14. Qe2 e5 15. Nc2 Nh5 16. Nb4 Bh4 17. Bxh4 Qxh4 18. Nd5 Bxd5 19. exd5 g3 20. h3 Nxf4 21. Rxf4 Qxf4 22. Rf1 Qe3+ 23. Qxe3 dxe3 24. Ne4 Ke7 25. Rf3 Nc5 26. Nxc5 bxc5 27. Rxe3 Rab8 28. b3 a5 29. Kf1 Rg5 30. Bc2 Rf8 31. Ke2 f5 32. Kf3 h5 33. a4 h4 34. Bd1 Kf6 35. Re1 Rg7 36. Ke3 Re7 37. Rf1 Kg5 38. Bc2 e4 39. Rf4 Rb8 40. Rf1 Rf7 41. Kd2 Re8 42. Bd1 f4 43. Bg4 f3 44. Ke3 fxg2 45. Rg1 Rf2 0-1

[Event "ESP-ch U18"]
[Site "Granada"]
[Date "2016.07.26"]
[Round "3"]
[White "Orteu Capdevila, Max"]
[Black "Ereza Vizcarra, Fernando"]
[Result "1-0"]
[WhiteElo "2209"]
[BlackElo "2035"]
[PlyCount "115"]
[EventDate "2016.07.25"]
[EventType "swiss"]
[EventRounds "9"]
[EventCountry "ESP"]
[SourceTitle "EXT 2024"]
[Source "ChessBase"]
[SourceDate "2023.10.10"]
[SourceVersion "1"]
[SourceVersionDate "2023.10.10"]
[SourceQuality "1"]

1. c4 d6 2. g3 Nf6 3. Bg2 c6 4. Nc3 e5 5. e3 g6 6. Nge2 Bg7 7. d3 0-0 8. Rb1 a5 9. b3 Bf5 10. h3 Na6 11. 0-0 Nc5 12. e4 Be6 13. d4 Na6 14. Be3 Ne8 15. dxe5 dxe5 16. Qxd8 Rxd8 17. Bb6 Rb8 18. Na4 Nec7 19. Nc5 Nxc5 20. Bxc7 Ra8 21. Bd6 Na6 22. Bxf8 Bxf8 23. Rfd1 Bc5 24. Kf1 Kf8 25. f4 f6 26. Ng1 Bxg1 27. Kxg1 Ke7 28. Kf2 Rd8 29. Rxd8 Kxd8 30. Ke3 Ke7 31. h4 c5 32. a3 b6 33. Kd3 h6 34. Kc3 Bd7 35. Bf3 h5 36. Rg1 Kf7 37. fxe5 fxe5 38. Rd1 Nb8 39. Rd6 Bc6 40. Rd8 Na6 41. Bg2 Ke7 42. Rc8 Bb7 43. Rh8 Bc6 44. Kd3 Be8 45. Bh3 Nc7 46. Bc8 Kf6 47. Rh7 Bf7 48. Bb7 Ne8 49. Bd5 Nd6 50. Bxf7 Nxf7 51. Kc3 g5 52. Rxh5 Kg6 53. g4 Kf6 54. Rh7 Ke7 55. b4 a4 56. Rg7 Kf6 57. Rh7 Kg6 58. Rh5 1-0